Sports d'hiver - Statistiques

Statistiques générales
  • Ce quiz a été pris 159 fois
  • Le résultat moyen est 5 sur 11
Statistiques - réponses
Énoncé Sport % Correct
Sport de glace très populaire en Amérique du Nord pratiqué avec un bâton et une rondelle. hockey
96%
Sport alliant le tir et le ski de fond. biathlon
91%
Sport de glace dans lequel on lance des pierres. curling
79%
Sport jugé pratiqué sur glace dans lequel nous faisons des sauts et des pirouettes. patinage artistique
77%
Sport d'hiver dans lequel nous nous élançons à partir d'un tremplin. saut à ski
75%
Sport se pratiquant avec des patins-claps sur une glace ovale. patinage de vitesse
57%
Sport dans lequel évolue Alex Harvey. ski de fond
16%
Sport pratiqué par Jasey-Jay Anderson. Snowboard
13%
Sport de glace se pratiquant avec une anneau et un bâton fondé à North Bay. ringuette
8%
Sport pratiqué par les soeurs Dufour-Lapointe et par Alexandre Bilodeau. ski acrobatique
8%
Sport pratiqué par Charles et François Hamelin. patinage de vitesse courte piste
0%
Aucun quiz correspondant
Distribution des résultats
% des personnes avec chaque résultat
Percentile par nombre de réponses
Votre historique - résultats
Vous n’avez pas pris ce quiz